[Event "FICS rated blitz game"]
[Site "FICS freechess.org"]
[Date "2018.01.04"]
[Round "?"]
[White "NicolausSilver"]
[Black "redgareth"]
[Result "1-0"]
[WhiteElo "1317"]
[BlackElo "1412"]
[PlyCount "109"]
[EventDate "2018.??.??"]
[EventType "blitz"]

1. e4 e5 2. Nf3 Nc6 3. c3 Nf6 4. Ng5 h6 5. Nxf7 Kxf7 6. Bc4+ Ke8 7. O-O d6 8.
d4 Bg4 9. Qd3 Bh5 10. b4 Bf7 11. d5 Ne7 12. Be3 Ng6 13. a4 Be7 14. Nd2 Kf8 15.
f4 exf4 16. Bxf4 Nxf4 17. Rxf4 Nh5 18. Rf2 Bf6 19. Raf1 Kg8 20. Nf3 Bg6 21. a5
Kh7 22. Re1 Re8 23. Nd2 Be5 24. Nf3 Qe7 25. Bb5 Rf8 26. Nxe5 Qxe5 27. Rxf8 Rxf8
28. Bd7 Nf4 29. Qd4 Qxd4+ 30. cxd4 Rf7 31. Be6 Nxe6 32. dxe6 Rf4 33. e7 Kg8 34.
e5 d5 35. Rd1 Kf7 36. e8=Q+ Kxe8 37. h3 Kd7 38. Kh2 c6 39. Rd2 Ke6 40. Kg3 Re4
41. Kh2 Kf5 42. Rf2+ Rf4 43. Rxf4+ Kxf4 44. g3+ Ke4 45. Kg2 Kxd4 46. e6 Ke5 47.
e7 Ke6 48. e8=Q+ Bxe8 49. Kf3 Ke5 50. Ke3 d4+ 51. Kd3 b6 52. axb6 axb6 53. g4
c5 54. bxc5 bxc5 55. Kd2 1-0

[Event "FICS rated blitz game"]
[Site "FICS freechess.org"]
[Date "2018.01.04"]
[Round "?"]
[White "jezebelben"]
[Black "ouazzani"]
[Result "0-1"]
[WhiteElo "1345"]
[BlackElo "1616"]
[PlyCount "30"]
[EventDate "2018.??.??"]
[EventType "blitz"]

1. e4 e5 2. Nf3 Nc6 3. c3 Nf6 4. d4 Nxe4 5. d5 Nb8 6. Be2 f5 7. O-O d6 8. h3
Be7 9. Nh2 Nf6 10. f4 e4 11. c4 O-O 12. Nc3 Kh8 13. b3 Bd7 14. Bb2 Be8 15. Bh5
Bxh5 {White resigns} 0-1

[Event "FICS rated blitz game"]
[Site "FICS freechess.org"]
[Date "2018.01.04"]
[Round "?"]
[White "sunrhades"]
[Black "fluters"]
[Result "0-1"]
[WhiteElo "1744"]
[BlackElo "1681"]
[PlyCount "70"]
[EventDate "2018.??.??"]
[EventType "blitz"]

1. e4 e5 2. Nf3 Nc6 3. c3 Nf6 4. d4 exd4 5. e5 Nd5 6. cxd4 Bb4+ 7. Bd2 O-O 8.
Bc4 Nb6 9. Bb3 d6 10. O-O dxe5 11. dxe5 Bg4 12. Bxb4 Nxb4 13. Nbd2 Nd3 14. Qc2
c5 15. Rad1 Bf5 16. Nc4 g6 17. Qd2 a6 18. Qh6 Nxc4 19. Ng5 Qxg5 20. Qxg5 Ncxe5
21. h3 c4 22. Bc2 f6 23. Qg3 b5 24. b3 Rad8 25. bxc4 bxc4 26. Bxd3 Bxd3 27.
Rfe1 Rde8 28. Qf4 Kg7 29. Rc1 g5 30. Qg3 h6 31. h4 Kg6 32. h5+ Kxh5 33. Qh3+
Kg6 34. Rc3 a5 35. Rxd3 cxd3 0-1

[Event "FICS rated blitz game"]
[Site "FICS freechess.org"]
[Date "2018.01.04"]
[Round "?"]
[White "awitaliy"]
[Black "vitrak"]
[Result "1-0"]
[WhiteElo "1424"]
[BlackElo "1534"]
[PlyCount "69"]
[EventDate "2018.??.??"]
[EventType "blitz"]

1. e4 e5 2. Nf3 Nc6 3. c3 Nf6 4. Bd3 h6 5. Bc2 d5 6. exd5 Qxd5 7. O-O Bg4 8.
Re1 O-O-O 9. c4 Qxc4 10. Nc3 Bd6 11. b3 Qe6 12. Ne4 Nxe4 13. Bxe4 Qd7 14. h3 f5
15. hxg4 fxe4 16. Rxe4 h5 17. g5 Qf5 18. d3 Rdf8 19. Be3 b6 20. a4 a5 21. Qc2
Nb4 22. Qc4 Kb7 23. Rf1 Qd7 24. Nh4 Qe8 25. f4 exf4 26. Rxe8 Rxe8 27. Bxf4 Bc5+
28. Kh1 Rd8 29. Qf7 Nd5 30. Ng6 Nxf4 31. Nxh8 Nxd3 32. Ng6 Nf2+ 33. Rxf2 Bxf2
34. Qxf2 Rd1+ 35. Kh2 {Black resigns} 1-0

[Event "FICS rated blitz game"]
[Site "FICS freechess.org"]
[Date "2018.01.04"]
[Round "?"]
[White "Sccorpionn"]
[Black "drxxx"]
[Result "0-1"]
[WhiteElo "1191"]
[BlackElo "1315"]
[PlyCount "46"]
[EventDate "2018.??.??"]
[EventType "blitz"]

1. e4 e5 2. Nf3 Nc6 3. c3 h6 4. d4 exd4 5. Nxd4 Nge7 6. g4 d6 7. Nf5 Bd7 8. Bc4
Ne5 9. Qe2 g6 10. Bf4 Nxc4 11. Qxc4 gxf5 12. exf5 f6 13. Nd2 Nc6 14. Ne4 Ne5
15. Qb3 Nd3+ 16. Ke2 Nxf4+ 17. Kf3 Nh3 18. Qxb7 Qb8 19. Nxf6+ Kd8 20. Qd5 Ng5+
21. Kg3 Bg7 22. Qf7 Nxf7 23. Rae1 Bxf6 {White resigns} 0-1

[Event "FICS rated blitz game"]
[Site "FICS freechess.org"]
[Date "2018.01.04"]
[Round "?"]
[White "Sincerias"]
[Black "latendre"]
[Result "0-1"]
[WhiteElo "1301"]
[BlackElo "1311"]
[PlyCount "122"]
[EventDate "2018.??.??"]
[EventType "blitz"]

1. e4 e5 2. Nf3 Nc6 3. c3 Nf6 4. d4 exd4 5. cxd4 d5 6. e5 Nd7 7. Qb3 Nb6 8. Bb5
Bd7 9. Be3 a6 10. Bxc6 Bxc6 11. Nc3 a5 12. a4 Bb4 13. O-O O-O 14. Bg5 Be7 15.
Bxe7 Qxe7 16. Nb5 Bxb5 17. Qxb5 Qe6 18. Ng5 Qg6 19. Nf3 f6 20. b4 axb4 21. Qxb4
fxe5 22. Nxe5 Qe4 23. a5 Nc4 24. Nxc4 Qxd4 25. Rac1 dxc4 26. Rxc4 Qd5 27. Rc5
Qd6 28. Qc4+ Kh8 29. Rxc7 Rxa5 30. Rc8 Rh5 31. h3 h6 32. Rc1 Rhf5 33. Ra1 Rxf2
34. Rxf8+ Rxf8 35. Rf1 Rxf1+ 36. Qxf1 Qc5+ 37. Kh1 b5 38. Qf3 Kg8 39. Qa8+ Kh7
40. Qa5 Qc4 41. Qa1 b4 42. Qb1+ Kg8 43. Kg1 Qc3 44. Kf2 b3 45. Ke2 Kf7 46. Kd1
Kf6 47. h4 Qc2+ 48. Qxc2 bxc2+ 49. Kxc2 Kf5 50. Kc1 Kg4 51. Kd2 Kxh4 52. Ke3
Kg3 53. Ke4 g5 54. Kf5 Kxg2 55. Kg4 Kf2 56. Kh5 Kf3 57. Kxh6 g4 58. Kh5 g3 59.
Kh4 g2 60. Kh3 g1=Q 61. Kh4 Qg4# {White checkmated} 0-1

[Event "FICS rated blitz game"]
[Site "FICS freechess.org"]
[Date "2018.01.04"]
[Round "?"]
[White "BiH"]
[Black "mannyfortaguez"]
[Result "0-1"]
[WhiteElo "1618"]
[BlackElo "1663"]
[PlyCount "74"]
[EventDate "2018.??.??"]
[EventType "blitz"]

1. e4 e5 2. Nf3 Nc6 3. c3 Bc5 4. d4 exd4 5. cxd4 Bb4+ 6. Nc3 d5 7. e5 Bg4 8.
Be2 Nge7 9. a3 Bxc3+ 10. bxc3 O-O 11. Bg5 h6 12. Bh4 Qd7 13. h3 Bh5 14. Rb1
Rab8 15. Bg3 Na5 16. Bb5 c6 17. Bd3 Rbc8 18. O-O b5 19. a4 a6 20. axb5 axb5 21.
Ra1 Ra8 22. Be2 Nc4 23. Qc2 Qb7 24. Bxc4 dxc4 25. Rae1 Nd5 26. Nh4 Ra3 27. e6
Rxc3 28. exf7+ Qxf7 29. Qe4 b4 30. Bd6 Re8 31. Qxe8+ Qxe8 32. Rxe8+ Bxe8 33.
Re1 Bf7 34. Rb1 b3 35. Kh2 Rd3 36. Nf5 Kh7 37. Re1 b2 0-1

[Event "FICS rated blitz game"]
[Site "FICS freechess.org"]
[Date "2018.01.04"]
[Round "?"]
[White "Fullball"]
[Black "zadox"]
[Result "1-0"]
[WhiteElo "1185"]
[BlackElo "1223"]
[PlyCount "35"]
[EventDate "2018.??.??"]
[EventType "blitz"]

1. e4 e5 2. Nf3 Nc6 3. c3 a6 4. b4 b6 5. Bb2 Bb7 6. Bc4 b5 7. Bd5 Nf6 8. Bxc6
Bxc6 9. d3 d6 10. Nbd2 Be7 11. h3 O-O 12. O-O Nh5 13. Nxe5 dxe5 14. Qxh5 Qxd3
15. Qd1 f5 16. f3 a5 17. Nb3 axb4 18. Qxd3 {Black resigns} 1-0

[Event "FICS rated blitz game"]
[Site "FICS freechess.org"]
[Date "2018.01.04"]
[Round "?"]
[White "lailasbar"]
[Black "weenar"]
[Result "0-1"]
[WhiteElo "1459"]
[BlackElo "1400"]
[PlyCount "94"]
[EventDate "2018.??.??"]
[EventType "blitz"]

1. e4 e5 2. Nf3 Nc6 3. c3 Bc5 4. d4 exd4 5. cxd4 Bb4+ 6. Nc3 Bxc3+ 7. bxc3 Nge7
8. d5 Nb8 9. Bd3 O-O 10. O-O c6 11. c4 cxd5 12. cxd5 d6 13. Be3 b6 14. Bd4 f6
15. Nh4 Ng6 16. Nxg6 hxg6 17. Qf3 Kf7 18. e5 dxe5 19. Bxe5 Nd7 20. Bd4 Qe7 21.
Rfe1 Qd6 22. Qg4 Nc5 23. Qxg6+ Kg8 24. Bxc5 bxc5 25. Bc4 Bb7 26. Rad1 Rf7 27.
Re6 Qf4 28. Qd3 Bc8 29. Re4 Qg5 30. h4 Qh5 31. Qe3 Bf5 32. Be2 Qh7 33. Rc4 Rc8
34. g3 a5 35. Rxc5 Rxc5 36. Qxc5 Qh6 37. d6 Bd7 38. Bc4 Qg6 39. Bxf7+ Qxf7 40.
Qc7 Qe6 41. Rc1 Qh3 42. Qd8+ Kh7 43. Qe7 Bg4 44. Qe4+ Bf5 45. Qg2 Qg4 46. f3
Qd4+ 47. Qf2 Qb4 0-1

[Event "FICS rated blitz game"]
[Site "FICS freechess.org"]
[Date "2018.01.04"]
[Round "?"]
[White "arju"]
[Black "ettan"]
[Result "1/2-1/2"]
[WhiteElo "1661"]
[BlackElo "1859"]
[PlyCount "85"]
[EventDate "2018.??.??"]
[EventType "blitz"]

1. e4 e5 2. Nf3 Nc6 3. c3 d5 4. exd5 Qxd5 5. d3 Bg4 6. Be2 O-O-O 7. Be3 Bxf3 8.
Bxf3 Qxd3 9. Qxd3 Rxd3 10. Nd2 a6 11. O-O-O Bd6 12. Be4 Rxe3 13. fxe3 Nge7 14.
Nc4 f5 15. Bxc6 Nxc6 16. Nxd6+ cxd6 17. Rxd6 Re8 18. Rhd1 Re7 19. g3 Kc7 20. b4
Nd4 21. R6xd4 exd4 22. exd4 Re2 23. Rd2 Re1+ 24. Kc2 g6 25. Kd3 Kd6 26. c4 Rb1
27. c5+ Kd5 28. Kc3 Re1 29. a4 Re3+ 30. Rd3 Re2 31. Rd2 Re3+ 32. Rd3 Re2 33. h4
Ra2 34. a5 Re2 35. Rf3 Re4 36. Rd3 Re1 37. Kb2 Re4 38. Kc3 Re1 39. Rd2 Re3+ 40.
Rd3 Re1 41. Rd2 Re3+ 42. Rd3 Re2 43. Rd2 1/2-1/2

[Event "FICS rated blitz game"]
[Site "FICS freechess.org"]
[Date "2018.01.04"]
[Round "?"]
[White "ssmishra"]
[Black "Viniciusebia"]
[Result "1-0"]
[WhiteElo "1148"]
[BlackElo "1211"]
[PlyCount "27"]
[EventDate "2018.??.??"]
[EventType "blitz"]

1. e4 e5 2. Nf3 Nc6 3. c3 Bc5 4. d4 exd4 5. cxd4 Bb4+ 6. Nc3 Qf6 7. e5 Qf5 8.
Bd3 Qg4 9. O-O Nge7 10. d5 Nxe5 11. Nxe5 Qd4 12. Nxf7 O-O 13. Bxh7+ Kxf7 14.
Qxd4 {Black resigns} 1-0

[Event "FICS rated lightning game"]
[Site "FICS freechess.org"]
[Date "2018.01.04"]
[Round "?"]
[White "kungzeb"]
[Black "luisfveloz"]
[Result "1-0"]
[WhiteElo "1815"]
[BlackElo "1680"]
[PlyCount "51"]
[EventDate "2018.??.??"]

1. e4 e5 2. Nf3 Nc6 3. c3 Bc5 4. d4 exd4 5. cxd4 Bb6 6. Bb5 d5 7. O-O Be6 8.
exd5 Qxd5 9. Nc3 Qh5 10. Re1 O-O-O 11. Bxc6 bxc6 12. Be3 Bg4 13. h3 Bxh3 14.
gxh3 Qxh3 15. Nh2 Rd6 16. Qf3 Rg6+ 17. Kh1 Qh4 18. Rg1 Nf6 19. Qf5+ Kb7 20. Rg2
h5 21. Rag1 Ng4 22. d5 Rd8 23. dxc6+ Kb8 24. Qe4 Bxe3 25. Rxg4 hxg4 26. Qxe3
1-0

[Event "FICS rated blitz game"]
[Site "FICS freechess.org"]
[Date "2018.01.04"]
[Round "?"]
[White "jezebelben"]
[Black "flyingfeats"]
[Result "1-0"]
[WhiteElo "1334"]
[BlackElo "1328"]
[PlyCount "139"]
[EventDate "2018.??.??"]
[EventType "blitz"]

1. e4 e5 2. Nf3 Nc6 3. c3 Bc5 4. d4 exd4 5. cxd4 Bb6 6. d5 Nce7 7. Be2 d6 8.
O-O Nf6 9. h3 O-O 10. Nc3 Ba5 11. Qc2 Bxc3 12. bxc3 Bd7 13. Bg5 Ne8 14. Nh2 f6
15. Bh4 Ng6 16. Bg3 Ne5 17. f4 Ng6 18. f5 Ne5 19. c4 a6 20. Bxe5 fxe5 21. Ng4
Nf6 22. Rab1 Nxg4 23. Bxg4 b6 24. Qe2 Be8 25. Rf3 Qf6 26. Rbf1 b5 27. R3f2 bxc4
28. Qxc4 Bb5 29. Qxc7 Bxf1 30. Rxf1 g6 31. Qd7 Rad8 32. Qe6+ Qxe6 33. dxe6 Rde8
34. f6 h5 35. f7+ Kg7 36. fxe8=Q Rxe8 37. Rf7+ Kg8 38. Bf3 Rxe6 39. Ra7 d5 40.
exd5 Rd6 41. Kf2 Kf8 42. Ke3 Ke8 43. Ke4 Kd8 44. Kxe5 Rb6 45. d6 Rb5+ 46. Ke6
a5 47. d7 Rb8 48. Rxa5 Rb6+ 49. Kf7 Kxd7 50. Rd5+ Kc7 51. Rc5+ Kd6 52. Ra5 Rb2
53. Kxg6 Ke7 54. Kxh5 Kf6 55. Kg4 Rb4+ 56. Kg3 Rb2 57. a3 Rb3 58. Ra6+ Ke5 59.
a4 Kd4 60. Rd6+ Kc5 61. Rc6+ Kb4 62. Rb6+ Kxa4 63. Rxb3 Kxb3 64. h4 Kc4 65. h5
Kd4 66. Kg4 Ke5 67. Kg5 Ke6 68. Kg6 Ke7 69. h6 Kf8 70. h7 {Black resigns} 1-0

[Event "FICS rated blitz game"]
[Site "FICS freechess.org"]
[Date "2018.01.04"]
[Round "?"]
[White "BiH"]
[Black "Reckert"]
[Result "0-1"]
[WhiteElo "1624"]
[BlackElo "1621"]
[PlyCount "90"]
[EventDate "2018.??.??"]
[EventType "blitz"]

1. e4 e5 2. Nf3 Nc6 3. c3 Nf6 4. d4 Nxe4 5. d5 Nb8 6. Nxe5 Qe7 7. Qd4 d6 8.
Qxe4 Qxe5 9. Qxe5+ dxe5 10. Be3 Bf5 11. Bb5+ Nd7 12. Nd2 a6 13. Ba4 b5 14. Bb3
Nb6 15. O-O Bd6 16. f3 Bd3 17. Rfe1 f5 18. Bd4 Nd7 19. Re3 Nc5 20. Bxe5 Bxe5
21. Rxe5+ Kd7 22. c4 Rae8 23. f4 Kd6 24. Rae1 Ne4 25. Nxe4+ Bxe4 26. c5+ Kxc5
27. Rc1+ Kb6 28. Rc6+ Kb7 29. Rce6 Rxe6 30. dxe6 g6 31. e7 Bc6 32. Bf7 Be8 33.
Be6 Kc6 34. Bb3 Kd6 35. Re6+ Kd7 36. Re5 h5 37. h4 Rh7 38. Be6+ Kd6 39. Bc8
Rxe7 40. Rxe7 Kxe7 41. Bxa6 Kd6 42. Bb7 c6 43. Bc8 Bf7 44. a3 Kc7 45. Ba6 Be6
0-1

[Event "FICS rated blitz game"]
[Site "FICS freechess.org"]
[Date "2018.01.04"]
[Round "?"]
[White "morts"]
[Black "foxone"]
[Result "0-1"]
[WhiteElo "1195"]
[BlackElo "1218"]
[PlyCount "88"]
[EventDate "2018.??.??"]
[EventType "blitz"]

1. e4 e5 2. Nf3 Nc6 3. c3 d6 4. g3 Be7 5. Bg2 Nf6 6. d3 O-O 7. Nbd2 Be6 8. O-O
Qd7 9. h4 Bh3 10. Kh2 Bxg2 11. Kxg2 h6 12. Nh2 Nh7 13. Ndf3 f5 14. exf5 Qxf5
15. d4 e4 16. Nd2 d5 17. c4 Nxd4 18. cxd5 Qxd5 19. Nb3 e3+ 20. f3 e2 21. Qxd4
exf1=Q+ 22. Nxf1 Qxf3+ 23. Kg1 Bd6 24. Qc4+ Kh8 25. Bf4 Bxf4 26. gxf4 Qg4+ 27.
Kf2 Rxf4+ 28. Qxf4 Qxf4+ 29. Ke1 Re8+ 30. Kd1 Qxf1+ 31. Kc2 Qf2+ 32. Kc3 Qxh4
33. Rd1 Re3+ 34. Kc2 Qe4+ 35. Kc1 Qc4+ 36. Kb1 Nf6 37. Rd8+ Kh7 38. Rd1 b6 39.
Rc1 Qe4+ 40. Ka1 c5 41. Nd2 Qe7 42. Nc4 Re1 43. Kb1 Qe4+ 44. Ka1 Rxc1# {
White checkmated} 0-1

[Event "FICS rated blitz game"]
[Site "FICS freechess.org"]
[Date "2018.01.04"]
[Round "?"]
[White "BiH"]
[Black "Reckert"]
[Result "1-0"]
[WhiteElo "1625"]
[BlackElo "1620"]
[PlyCount "75"]
[EventDate "2018.??.??"]
[EventType "blitz"]

1. e4 e5 2. Nf3 Nc6 3. c3 d5 4. Qa4 dxe4 5. Nxe5 Qd5 6. Nxc6 bxc6 7. Bc4 Qg5 8.
Qxc6+ Kd8 9. O-O Rb8 10. Qd5+ Qxd5 11. Bxd5 f5 12. f3 Nf6 13. Bb3 Bc5+ 14. Kh1
Ba6 15. c4 Re8 16. Nc3 Bd4 17. fxe4 fxe4 18. Ne2 c5 19. Nxd4 cxd4 20. Re1 Rb4
21. d3 exd3 22. Bd2 Rb7 23. Ba5+ Kc8 24. Rxe8+ Nxe8 25. Re1 Nf6 26. h3 Rd7 27.
Re6 Bb7 28. Kh2 Rf7 29. Rd6 Rd7 30. Re6 Be4 31. g4 h6 32. Kg3 Kb7 33. Ba4 Rf7
34. Bb5 g5 35. Ba6+ Kb8 36. Rd6 Rd7 37. Rxf6 d2 38. Bxd2 1-0

[Event "FICS rated blitz game"]
[Site "FICS freechess.org"]
[Date "2018.01.04"]
[Round "?"]
[White "morts"]
[Black "goAlexFlo"]
[Result "0-1"]
[WhiteElo "1162"]
[BlackElo "1224"]
[PlyCount "102"]
[EventDate "2018.??.??"]
[EventType "blitz"]

1. e4 e5 2. Nf3 Nc6 3. c3 Nf6 4. d3 d6 5. h3 h6 6. Nbd2 a6 7. d4 exd4 8. cxd4
Qe7 9. Bd3 Bf5 10. O-O Bg6 11. e5 Bxd3 12. exf6 Qxf6 13. Re1+ Be7 14. d5 Nd4
15. Nxd4 Qxd4 16. Nf3 Qc4 17. Re3 Be4 18. Nd2 Qc2 19. Qg4 Bxd5 20. Nb3 Qg6 21.
Qxg6 fxg6 22. Bd2 Kf7 23. Rae1 Rae8 24. Bc3 Rh7 25. Nd4 Bxa2 26. Rf3+ Bf6 27.
Rxe8 Kxe8 28. Ne6 Bxe6 29. Re3 Ke7 30. Bxf6+ gxf6 31. f4 Rh8 32. g4 Kd7 33. f5
gxf5 34. gxf5 Bxf5 35. Rf3 Rg8+ 36. Kf2 Ke6 37. Re3+ Kd5 38. Kf3 Bxh3 39. Kf4
h5 40. Rxh3 Ke6 41. Rxh5 Rg2 42. b4 Rb2 43. Rh7 Rxb4+ 44. Ke3 c5 45. Kd3 c4+
46. Kc3 a5 47. Rc7 d5 48. Rc8 Kd7 49. Ra8 b6 50. Ra7+ Ke6 51. Ra8 Kf5 {White
resigns} 0-1

[Event "FICS rated blitz game"]
[Site "FICS freechess.org"]
[Date "2018.01.04"]
[Round "?"]
[White "ALSChess"]
[Black "ypsonk"]
[Result "0-1"]
[WhiteElo "1289"]
[BlackElo "1429"]
[PlyCount "114"]
[EventDate "2018.??.??"]
[EventType "blitz"]

1. e4 e5 2. Nf3 Nc6 3. c3 Nf6 4. Qc2 Bc5 5. h3 O-O 6. Bb5 d5 7. Bxc6 bxc6 8.
Nxe5 Qe8 9. d4 Bd6 10. f4 Nxe4 11. Qd3 f6 12. Nd2 Nxd2 13. Bxd2 fxe5 14. dxe5
Bxe5 15. fxe5 Qxe5+ 16. Qe2 Qg3+ 17. Kd1 Bd7 18. Be1 Qd6 19. Rf1 d4 20. Qc4+
Be6 21. Rxf8+ Rxf8 22. Qxd4 Qxd4+ 23. cxd4 Rd8 24. Bc3 c5 25. Kd2 cxd4 26. Bb4
Rd5 27. Re1 Kf7 28. Rf1+ Kg6 29. Rf2 c5 30. Ba5 c4 31. Bb4 a5 32. Ba3 Rf5 33.
Rxf5 Kxf5 34. Bf8 g6 35. Bh6 Ke4 36. a3 a4 37. Bg5 Bd5 38. g3 Kf3 39. Bf4 h5
40. h4 Ke4 41. Bg5 Be6 42. Bf4 Bg4 43. Bg5 Kd5 44. Bf6 Bf5 45. Bg5 Ke4 46. Bf4
Kf3 47. Bg5 Kxg3 48. Bf6 d3 49. Bg5 Be6 50. Kc3 Kg4 51. Kb4 d2 52. Bxd2 Kxh4
53. Kxa4 g5 54. Be1+ Kg4 55. Kb5 h4 56. a4 h3 57. a5 h2 {White resigns} 0-1

[Event "FICS rated blitz game"]
[Site "FICS freechess.org"]
[Date "2018.01.04"]
[Round "?"]
[White "morts"]
[Black "mjmonday"]
[Result "0-1"]
[WhiteElo "1187"]
[BlackElo "1177"]
[PlyCount "82"]
[EventDate "2018.??.??"]
[EventType "blitz"]

1. e4 e5 2. Nf3 Nc6 3. c3 Nf6 4. d3 d6 5. g3 h6 6. Bg2 Be7 7. O-O Bg4 8. Nbd2
O-O 9. Qb3 Rb8 10. c4 Qd7 11. h4 Bh3 12. Qc3 Bxg2 13. Kxg2 Nh7 14. d4 exd4 15.
Nxd4 Nxd4 16. Qxd4 f5 17. Qd5+ Kh8 18. e5 c6 19. Qa5 dxe5 20. Qxa7 f4 21. Nf3
e4 22. Bxf4 exf3+ 23. Kxf3 Ra8 24. Qd4 Qxd4 25. Kg2 Qxc4 26. b3 Qd5+ 27. Kh3
Qf5+ 28. Kg2 Nf6 29. Rae1 Bb4 30. Re5 Qc2 31. a4 Nd5 32. Rb1 Nxf4+ 33. gxf4
Rxf4 34. Rf1 Qxb3 35. Re3 Qxa4 36. Kg3 Raf8 37. f3 Bd6 38. Kg2 Rxh4 39. Re6
Rh2+ 40. Kg1 Qd4+ 41. Rf2 Qxf2# {White checkmated} 0-1

[Event "FICS rated blitz game"]
[Site "FICS freechess.org"]
[Date "2018.01.04"]
[Round "?"]
[White "morts"]
[Black "Viniciusebia"]
[Result "1-0"]
[WhiteElo "1164"]
[BlackElo "1220"]
[PlyCount "75"]
[EventDate "2018.??.??"]
[EventType "blitz"]

1. e4 e5 2. Nf3 Nc6 3. c3 Bc5 4. d4 exd4 5. cxd4 Bb6 6. Bc4 Qe7 7. O-O Nf6 8.
d5 Ne5 9. Nxe5 Qxe5 10. Nc3 O-O 11. Be3 c5 12. g3 d6 13. Bf4 Qe8 14. Bxd6 Bh3
15. Bxf8 Nxe4 16. Re1 Qd7 17. Nxe4 Rxf8 18. f3 Ba5 19. Nc3 a6 20. Re2 b5 21.
Bd3 Bb6 22. Be4 f5 23. Bc2 b4 24. Na4 Ba7 25. d6 Qc6 26. Rf2 c4 27. b3 Rd8 28.
bxc4 Rxd6 29. Qe2 Bxf2+ 30. Qxf2 Qxc4 31. Bb3 Qxb3 32. axb3 Kf7 33. Nc5 a5 34.
Rc1 f4 35. g4 h5 36. gxh5 Rd5 37. Ne4 Kg8 38. Qh4 1-0

[Event "FICS rated blitz game"]
[Site "FICS freechess.org"]
[Date "2018.01.04"]
[Round "?"]
[White "morts"]
[Black "mjmonday"]
[Result "1-0"]
[WhiteElo "1187"]
[BlackElo "1177"]
[PlyCount "105"]
[EventDate "2018.??.??"]
[EventType "blitz"]

1. e4 e5 2. Nf3 Nc6 3. c3 Nf6 4. d3 d6 5. Bg5 Be7 6. Nbd2 h6 7. Bh4 g5 8. Bg3
Nh5 9. d4 Nxg3 10. hxg3 exd4 11. cxd4 Bd7 12. Qb3 b6 13. d5 Ne5 14. Nxe5 dxe5
15. Nf3 Bf6 16. Qc3 Qe7 17. O-O-O Rc8 18. Qe3 O-O 19. Kb1 a5 20. Bd3 b5 21. b3
a4 22. Bc2 axb3 23. Bxb3 c5 24. Rxh6 c4 25. Bc2 b4 26. Rh5 b3 27. axb3 cxb3 28.
Bxb3 Rb8 29. Nxg5 Rxb3+ 30. Qxb3 Bxg5 31. Rxg5+ Qxg5 32. d6 Be6 33. Qb7 Qd8 34.
d7 Qb8 35. Qxb8 Rxb8+ 36. Kc2 Rd8 37. Kc3 Rxd7 38. Rxd7 Bxd7 39. f4 exf4 40.
gxf4 Bc6 41. Kd4 Kg7 42. g4 f6 43. f5 Bd7 44. e5 fxe5+ 45. Kxe5 Bxf5 46. gxf5
Kf7 47. Kf4 Kf6 48. Kg4 Kg7 49. Kg5 Kf7 50. f6 Kg8 51. Kg6 Kf8 52. f7 Ke7 53.
Kg7 {Black resigns} 1-0

[Event "FICS rated blitz game"]
[Site "FICS freechess.org"]
[Date "2018.01.04"]
[Round "?"]
[White "Fullball"]
[Black "RcSm"]
[Result "1-0"]
[WhiteElo "1168"]
[BlackElo "1172"]
[PlyCount "55"]
[EventDate "2018.??.??"]
[EventType "blitz"]

1. e4 e5 2. Nf3 Nc6 3. c3 Nf6 4. d3 h6 5. b4 a6 6. Nbd2 Be7 7. a4 d6 8. h3 O-O
9. a5 Re8 10. Be2 b5 11. Bb2 Bb7 12. O-O Qd7 13. Re1 d5 14. Bf1 d4 15. c4 Bxb4
16. cxb5 axb5 17. Re2 Nxa5 18. Nb3 Nxb3 19. Rxa8 Rxa8 20. Qxb3 Bd6 21. Re1 b4
22. Be2 c5 23. Nd2 Bc6 24. Nc4 Qc7 25. Rb1 Bb5 26. Nd2 Rb8 27. Ra1 Nh5 28. Bxh5
1-0

[Event "FICS rated blitz game"]
[Site "FICS freechess.org"]
[Date "2018.01.04"]
[Round "?"]
[White "morts"]
[Black "mjmonday"]
[Result "0-1"]
[WhiteElo "1200"]
[BlackElo "1184"]
[PlyCount "76"]
[EventDate "2018.??.??"]
[EventType "blitz"]

1. e4 e5 2. Nf3 Nc6 3. c3 Nf6 4. d3 d6 5. Bg5 h6 6. Bh4 Be7 7. Bg3 Nh5 8. Be2
Nxg3 9. hxg3 Be6 10. d4 exd4 11. cxd4 f6 12. d5 Bf7 13. dxc6 bxc6 14. Qa4 Qd7
15. Nc3 O-O 16. O-O-O Qe6 17. Kb1 a5 18. Qc2 Rfb8 19. Na4 Rb4 20. b3 Rab8 21.
Bc4 Rxc4 22. Qe2 Rxa4 23. Nd4 Qe5 24. Qe3 Rab4 25. f4 Qc5 26. Rc1 Qa7 27. Nxc6
Qa6 28. Nxb4 axb4 29. e5 dxe5 30. fxe5 fxe5 31. Qxe5 Bf6 32. Qxc7 Ra8 33. Rc2
Bg6 34. Rhc1 Bxc2+ 35. Rxc2 Qf1+ 36. Rc1 Qxg2 37. Qc4+ Kh8 38. Qxb4 Qxa2# {
White checkmated} 0-1

[Event "FICS rated blitz game"]
[Site "FICS freechess.org"]
[Date "2018.01.04"]
[Round "?"]
[White "talpiro"]
[Black "bapirajnibbsr"]
[Result "1/2-1/2"]
[WhiteElo "1272"]
[BlackElo "1129"]
[PlyCount "43"]
[EventDate "2018.??.??"]
[EventType "blitz"]

1. e4 e5 2. Nf3 Nc6 3. c3 Nf6 4. d4 Nxe4 5. Bd3 d5 6. O-O exd4 7. Nxd4 Nxd4 8.
cxd4 Bd6 9. Qf3 O-O 10. Bxe4 dxe4 11. Qxe4 c6 12. Nc3 Be6 13. Bd2 Qf6 14. Rae1
Rfe8 15. Qd3 Qh4 16. g3 Qf6 17. h4 Bh3 18. Bg5 Qg6 19. Qxg6 hxg6 20. Rxe8+ Rxe8
21. Rd1 f6 22. Be3 1/2-1/2

[Event "FICS rated blitz game"]
[Site "FICS freechess.org"]
[Date "2018.01.04"]
[Round "?"]
[White "morts"]
[Black "ojot"]
[Result "0-1"]
[WhiteElo "1170"]
[BlackElo "1189"]
[PlyCount "78"]
[EventDate "2018.??.??"]
[EventType "blitz"]

1. e4 e5 2. Nf3 Nc6 3. c3 d6 4. d4 exd4 5. cxd4 Bg4 6. Be2 Nf6 7. d5 Ne7 8. e5
dxe5 9. Nxe5 Bxe2 10. Qxe2 Nfxd5 11. O-O f6 12. Nd3 Qd6 13. Nc3 O-O-O 14. Nxd5
Qxd5 15. Nf4 Qg5 16. Ne6 Qe5 17. Qxe5 fxe5 18. Nxd8 Kxd8 19. Bg5 h6 20. Bxe7+
Bxe7 21. Rad1+ Kc8 22. Rfe1 Bf6 23. g3 c6 24. Rd6 Re8 25. f4 e4 26. g4 e3 27.
h4 Bxh4 28. Re2 Bf2+ 29. Kf1 Rf8 30. Rd4 c5 31. Rc4 b6 32. b4 Kd7 33. bxc5 bxc5
34. Rxc5 Kd6 35. Ra5 Rxf4 36. Ra6+ Kc5 37. Rxa7 Rxg4 38. Ra5+ Kb6 39. Ra3 Rg1#
{White checkmated} 0-1

[Event "FICS rated blitz game"]
[Site "FICS freechess.org"]
[Date "2018.01.04"]
[Round "?"]
[White "bladehut"]
[Black "ibeje"]
[Result "0-1"]
[WhiteElo "1090"]
[BlackElo "922"]
[PlyCount "30"]
[EventDate "2018.??.??"]
[EventType "blitz"]

1. e4 e5 2. Nf3 Nc6 3. c3 Bc5 4. Bb5 h6 5. Bxc6 dxc6 6. Nxe5 Qf6 7. d4 h5 8. f4
Bd6 9. O-O Bg4 10. Qb3 O-O-O 11. Nc4 Be6 12. e5 Qg6 13. exd6 Bd5 14. d7+ Rxd7
15. Nbd2 Qxg2# {White checkmated} 0-1

[Event "FICS rated blitz game"]
[Site "FICS freechess.org"]
[Date "2018.01.04"]
[Round "?"]
[White "Flyinghooves"]
[Black "karleinkarl"]
[Result "1-0"]
[WhiteElo "1168"]
[BlackElo "1013"]
[PlyCount "25"]
[EventDate "2018.??.??"]
[EventType "blitz"]

1. e4 e5 2. Nf3 Nc6 3. c3 Bc5 4. Bc4 Nf6 5. Qb3 O-O 6. Ng5 Na5 7. Bxf7+ Kh8 8.
Qc2 h6 9. h4 Bxf2+ 10. Kxf2 Ng4+ 11. Kg1 Qf6 12. d4 Ne3 13. Bxe3 {Black resigns
} 1-0

[Event "FICS rated blitz game"]
[Site "FICS freechess.org"]
[Date "2018.01.04"]
[Round "?"]
[White "proximab"]
[Black "SyrianProf"]
[Result "0-1"]
[WhiteElo "1912"]
[BlackElo "1653"]
[PlyCount "54"]
[EventDate "2018.??.??"]
[EventType "blitz"]

1. e4 e5 2. Nf3 Nc6 3. c3 Nf6 4. d4 Nxe4 5. d5 Bc5 6. dxc6 Bxf2+ 7. Ke2 Bb6 8.
Qd5 Nf6 9. Qxe5+ Kf8 10. Bg5 d6 11. Bxf6 gxf6 12. Qf4 Rg8 13. cxb7 Qe8+ 14. Kd1
Bxb7 15. Nbd2 Rb8 16. Qxf6 Be3 17. b3 Be4 18. c4 Qc6 19. Nxe4 Qxe4 20. g3 Rg6
21. Qh8+ Ke7 22. Qxb8 Qxf3+ 23. Kc2 Qf2+ 24. Kd3 Qd2+ 25. Ke4 f5+ 26. Kxf5 Qc2+
27. Bd3 Qxd3# {White checkmated} 0-1